[Event "FRA-chT Top 16 GpB"]
[Site "Chartres"]
[Date "2023.06.06"]
[Round "6.19"]
[White "Moussard, Jules"]
[Black "Pucher, Olivier"]
[Result "1-0"]
[WhiteElo "2644"]
[BlackElo "2281"]
[PlyCount "47"]
[EventDate "2023.06.01"]
[EventType "team-tourn"]
[EventRounds "7"]
[EventCountry "FRA"]
[SourceTitle "CBM 214 Extra"]
[Source "ChessBase"]
[SourceDate "2023.07.31"]
[SourceVersion "1"]
[SourceVersionDate "2023.07.31"]
[SourceQuality "1"]
[WhiteTeam "Asnieres"]
[BlackTeam "Metz Fischer"]
[WhiteTeamCountry "FRA"]
[BlackTeamCountry "FRA"]

1. e4 d6 2. d4 Nf6 3. Nc3 g6 4. Bg5 c6 5. Qd2 Nbd7 6. f4 d5 7. e5 Ne4 8. Nxe4 dxe4 9. Bc4 f6 10. Bh4 Bh6 11. Bb3 Nxe5 12. dxe5 Qxd2+ 13. Kxd2 Bxf4+ 14. Ke1 Bxe5 15. c3 Bd6 16. Rd1 Rf8 17. Ne2 Bg4 18. h3 Bd7 19. Rf1 g5 20. Bg3 Bxg3+ 21. Nxg3 f5 22. Nxe4 h6 23. Nc5 Bc8 24. Rf2 1-0

[Event "FRA-chT Top 16 GpB"]
[Site "Chartres"]
[Date "2023.06.05"]
[Round "5.3"]
[White "Pucher, Olivier"]
[Black "Lamaze, Simon"]
[Result "0-1"]
[WhiteElo "2281"]
[BlackElo "2365"]
[PlyCount "69"]
[EventDate "2023.06.01"]
[EventType "team-tourn"]
[EventRounds "7"]
[EventCountry "FRA"]
[SourceTitle "CBM 214 Extra"]
[Source "ChessBase"]
[SourceDate "2023.07.31"]
[SourceVersion "1"]
[SourceVersionDate "2023.07.31"]
[SourceQuality "1"]
[WhiteTeam "Metz Fischer"]
[BlackTeam "Marseille"]
[WhiteTeamCountry "FRA"]
[BlackTeamCountry "FRA"]

1. c4 Nf6 2. Nf3 g6 3. Nc3 Bg7 4. g3 d6 5. Bg2 0-0 6. 0-0 c5 7. d4 Nc6 8. h3 Bd7 9. Be3 b6 10. Qd2 Rc8 11. b3 Re8 12. Rad1 Rb8 13. Qc1 Qc8 14. Kh2 a6 15. Bh6 cxd4 16. Bxg7 Kxg7 17. Nxd4 Nxd4 18. Rxd4 b5 19. Rh4 h5 20. Qg5 Qc5 21. Qd2 Be6 22. cxb5 axb5 23. e3 Rec8 24. Rc1 Qa3 25. Rd4 Rc5 26. Ne2 Rbc8 27. Rxc5 dxc5 28. Rd3 Bf5 29. Rc3 Ne4 30. Bxe4 Bxe4 31. Nc1 Qa8 32. f4 Rd8 33. Qb2 f6 34. Ne2 Qd5 35. Qc1 0-1

[Event "FRA-chT Top 16 GpA"]
[Site "Chartres"]
[Date "2022.06.11"]
[Round "3.4"]
[White "Fedorchuk, Sergey A"]
[Black "Pucher, Olivier"]
[Result "1-0"]
[WhiteElo "2612"]
[BlackElo "2341"]
[PlyCount "53"]
[EventDate "2022.06.09"]
[EventType "team-tourn"]
[EventRounds "7"]
[EventCountry "FRA"]
[SourceTitle "CBM 208 Extra"]
[Source "ChessBase"]
[SourceDate "2022.07.31"]
[SourceVersion "1"]
[SourceVersionDate "2022.07.31"]
[SourceQuality "1"]
[WhiteTeam "Chalon"]
[BlackTeam "Metz Fischer"]
[WhiteTeamCountry "FRA"]
[BlackTeamCountry "FRA"]

1. e4 d6 2. d4 Nf6 3. Nc3 g6 4. Be3 c6 5. h3 Bg7 6. Qd2 0-0 7. Nf3 Nbd7 8. Bd3 e5 9. 0-0 Re8 10. Rfe1 b5 11. a3 a6 12. Bh6 Qb6 13. dxe5 Nxe5 14. Be2 Bb7 15. Rad1 Rad8 16. Bg5 d5 17. Qf4 Nxf3+ 18. Bxf3 d4 19. Bxf6 Bxf6 20. Qxf6 dxc3 21. bxc3 Bc8 22. e5 Be6 23. Rd6 Rxd6 24. exd6 c5 25. d7 Rf8 26. Bg4 Qd8 27. Rxe6 1-0

[Event "Liffre op"]
[Site "Liffre"]
[Date "2016.10.25"]
[Round "5"]
[White "Seite, Sullian"]
[Black "Pucher, Olivier"]
[Result "0-1"]
[WhiteElo "1872"]
[BlackElo "2354"]
[PlyCount "102"]
[EventDate "2016.10.22"]
[EventType "swiss"]
[EventRounds "9"]
[EventCountry "FRA"]
[SourceTitle "CBM 175 Extra"]
[Source "ChessBase"]
[SourceDate "2016.12.12"]
[SourceVersion "1"]
[SourceVersionDate "2016.12.12"]
[SourceQuality "1"]

1. c4 c5 2. Nc3 g6 3. g3 Bg7 4. Bg2 Nc6 5. Nf3 d6 6. 0-0 Qd7 7. Rb1 b6 8. e3 Nh6 9. d4 Nf5 10. Ne2 e6 11. d5 exd5 12. Qxd5 Bb7 13. Qd2 0-0-0 14. Rd1 h5 15. a3 h4 16. b4 Qe6 17. Qd5 Qe7 18. Ne1 h3 19. Bh1 Ne5 20. Qxb7+ Qxb7 21. Bxb7+ Kxb7 22. e4 Ne7 23. Bb2 g5 24. f4 gxf4 25. Nxf4 Kc6 26. Nfd3 N7g6 27. Nxe5+ Bxe5 28. Nd3 Rde8 29. Nxe5+ Nxe5 30. Rd5 Rh5 31. b5+ Kd7 32. Bxe5 Rhxe5 33. Rxe5 Rxe5 34. Re1 f5 35. Kf2 fxe4 36. Ke3 Ke6 37. Kf4 Rf5+ 38. Kg4 Ke5 39. Kxh3 Rf3 40. Kg4 d5 41. cxd5 Kxd5 42. h4 c4 43. h5 c3 44. h6 Kd4 45. h7 Rf8 46. Rf1 Rh8 47. Rf7 c2 48. Rc7 Kd3 49. Rd7+ Kc3 50. Kg5 e3 51. Kg6 c1Q 0-1

[Event "FRA-chT Top 16 Gp Haute"]
[Site "Guingamp"]
[Date "2010.06.05"]
[Round "10.8"]
[White "Pucher, Olivier"]
[Black "Milliet, Sophie"]
[Result "1/2-1/2"]
[WhiteElo "2337"]
[BlackElo "2378"]
[PlyCount "60"]
[EventDate "2010.06.03"]
[EventType "team-tourn"]
[EventRounds "11"]
[EventCountry "FRA"]
[SourceTitle "EXT 2011"]
[Source "ChessBase"]
[SourceDate "2010.11.26"]
[SourceVersion "1"]
[SourceVersionDate "2010.11.26"]
[SourceQuality "1"]
[WhiteTeam "Metz Fischer"]
[BlackTeam "Evry Grand Roque"]
[WhiteTeamCountry "FRA"]
[BlackTeamCountry "FRA"]

1. d4 d5 2. c4 Nc6 3. Nf3 Bg4 4. Nc3 e6 5. Bg5 Be7 6. cxd5 exd5 7. Bxe7 Ngxe7 8. e3 0-0 9. Bd3 Qd7 10. a3 Kh8 11. h3 Bh5 12. g4 Bg6 13. Ne2 Be4 14. Bxe4 dxe4 15. Nd2 f5 16. Qc2 Rae8 17. 0-0-0 Nd5 18. gxf5 Qxf5 19. Rh2 Nf6 20. Kb1 Re7 21. Rc1 Rfe8 22. Qb3 Nd8 23. Rc5 Qg6 24. Ka2 b6 25. Rc1 Nf7 26. Rg1 Qf5 27. Rhg2 Nd6 28. Nf4 a5 29. Rg5 Qd7 30. h4 b5 1/2-1/2

[Event "FRA-chT Top 16 GpB"]
[Site "France"]
[Date "2010.05.02"]
[Round "7"]
[White "Pucher, Olivier"]
[Black "Roos, Louis"]
[Result "1/2-1/2"]
[WhiteElo "2342"]
[BlackElo "2360"]
[PlyCount "45"]
[EventDate "2010.03.26"]
[EventType "team-tourn"]
[EventRounds "7"]
[EventCountry "FRA"]
[SourceTitle "CBM 135 Extra"]
[Source "ChessBase"]
[SourceDate "2010.05.04"]
[SourceVersion "1"]
[SourceVersionDate "2010.05.04"]
[SourceQuality "1"]

1. d4 d5 2. c4 e6 3. Nf3 Nf6 4. g3 Be7 5. Bg2 0-0 6. 0-0 c6 7. Nbd2 b6 8. Qc2 a5 9. Ne5 Bb7 10. Rd1 Na6 11. b3 Rc8 12. Bb2 c5 13. Rac1 cxd4 14. Bxd4 Ba3 15. Bb2 Qe7 16. Qb1 h6 17. cxd5 exd5 18. Ndf3 Bxb2 19. Qxb2 Nc5 20. Bh3 Rcd8 21. Nd3 d4 22. Bg2 Rfe8 23. Nxd4 1/2-1/2

[Event "BEL-chT 0910"]
[Site "Belgium"]
[Date "2010.03.21"]
[Round "11"]
[White "Pucher, Olivier"]
[Black "Larmuseau, Maarten"]
[Result "0-1"]
[WhiteElo "2342"]
[BlackElo "2169"]
[PlyCount "64"]
[EventDate "2009.09.27"]
[EventType "team-tourn"]
[EventRounds "11"]
[EventCountry "BEL"]
[SourceTitle "EXT 2011"]
[Source "ChessBase"]
[SourceDate "2010.11.26"]
[SourceVersion "1"]
[SourceVersionDate "2010.11.26"]
[SourceQuality "1"]
[WhiteTeam "Liege Crelel"]
[BlackTeam "Aalter"]
[WhiteTeamCountry "BEL"]
[BlackTeamCountry "BEL"]

1. d4 Nf6 2. c4 e6 3. g3 c5 4. d5 exd5 5. cxd5 d6 6. Nc3 g6 7. Bg2 Bg7 8. Nf3 0-0 9. 0-0 a6 10. a4 Re8 11. Bf4 Ne4 12. Nxe4 Rxe4 13. Nd2 Rb4 14. b3 Bxa1 15. Qxa1 Rxf4 16. gxf4 Nd7 17. Ne4 Qe7 18. Rd1 f5 19. Ng5 h6 20. Nf3 Nf6 21. Ne5 dxe5 22. d6 Qf7 23. fxe5 Ne4 24. Qc1 Bd7 25. Qxh6 Qg7 26. Qe3 Qxe5 27. f3 Qc3 28. Qh6 Nf6 29. Qxg6+ Kh8 30. Kf2 Rg8 31. Qh6+ Nh7 32. f4 Qc2 0-1

[Event "FRA-chT Top 16 GpB"]
[Site "France"]
[Date "2009.03.20"]
[Round "1"]
[White "Cornette, Matthieu"]
[Black "Pucher, Olivier"]
[Result "1-0"]
[WhiteElo "2564"]
[BlackElo "2338"]
[PlyCount "67"]
[EventDate "2009.03.20"]
[EventType "team"]
[EventRounds "7"]
[EventCountry "FRA"]
[SourceTitle "CBM 129 Extra"]
[Source "ChessBase"]
[SourceDate "2009.05.05"]
[SourceVersion "2"]
[SourceVersionDate "2009.05.20"]
[SourceQuality "1"]

1. e4 c6 2. d4 d5 3. e5 Bf5 4. Nf3 e6 5. a3 Nd7 6. Be2 h6 7. 0-0 Ne7 8. Nbd2 Nc8 9. b3 Ncb6 10. c4 c5 11. b4 cxd4 12. Nxd4 Bh7 13. c5 Nc8 14. Bb2 Be7 15. c6 bxc6 16. Nxc6 Qb6 17. Rc1 0-0 18. Bd4 Qb7 19. Na5 Qb8 20. Ba6 Ncb6 21. Bb7 Nxe5 22. Bxa8 Nxa8 23. f4 Nd3 24. Rc3 Bf6 25. Bxf6 Qb6+ 26. Kh1 gxf6 27. Qf3 Qd4 28. Rc6 Nb6 29. Rc7 Be4 30. Nc6 Qb2 31. Ne7+ Kg7 32. Nxe4 dxe4 33. Qg3+ Kh7 34. Ng6 1-0

[Event "Nancy-B"]
[Site "Nancy"]
[Date "2009.02.21"]
[Round "8"]
[White "Pucher, Olivier"]
[Black "Spielmann, Alain"]
[Result "1-0"]
[WhiteElo "2338"]
[BlackElo "2324"]
[PlyCount "43"]
[EventDate "2009.02.16"]
[EventType "tourn"]
[EventRounds "9"]
[EventCountry "FRA"]
[EventCategory "4"]
[SourceTitle "CBM 128 Extra"]
[Source "ChessBase"]
[SourceDate "2009.03.05"]
[SourceVersion "2"]
[SourceVersionDate "2009.03.25"]
[SourceQuality "1"]

1. c4 Nf6 2. Nc3 g6 3. e4 d6 4. d4 Bg7 5. Be2 0-0 6. Nf3 e5 7. 0-0 exd4 8. Nxd4 Re8 9. f3 Nh5 10. f4 c5 11. Nf3 Nc6 12. f5 Nf6 13. Bd3 Bd7 14. Kh1 Nd4 15. Nxd4 cxd4 16. Nd5 Nxd5 17. exd5 Qh4 18. g3 Qh3 19. Rf4 g5 20. Rf2 Be5 21. Bxg5 Bxg3 22. Bf1 1-0

[Event "Nancy-B"]
[Site "Nancy"]
[Date "2009.02.17"]
[Round "2"]
[White "Pucher, Olivier"]
[Black "Lagarde, Maxime"]
[Result "0-1"]
[WhiteElo "2338"]
[BlackElo "2343"]
[PlyCount "74"]
[EventDate "2009.02.16"]
[EventType "tourn"]
[EventRounds "9"]
[EventCountry "FRA"]
[EventCategory "4"]
[SourceTitle "CBM 128 Extra"]
[Source "ChessBase"]
[SourceDate "2009.03.05"]
[SourceVersion "2"]
[SourceVersionDate "2009.03.25"]
[SourceQuality "1"]

1. c4 c5 2. Nf3 Nf6 3. Nc3 d5 4. cxd5 Nxd5 5. e4 Nb4 6. Bc4 Nd3+ 7. Ke2 Nf4+ 8. Kf1 Ne6 9. b4 Nc6 10. bxc5 g6 11. Ba3 Bg7 12. h4 h6 13. Rb1 0-0 14. Qc1 Ned4 15. Nd5 Nxf3 16. gxf3 e6 17. Nf4 Qf6 18. d4 Nxd4 19. c6 bxc6 20. Bxf8 Bxf8 21. Rg1 Kh7 22. Qe3 e5 23. Ng2 Nxf3 24. Rh1 Nd4 25. f4 Bd6 26. h5 exf4 27. hxg6+ fxg6 28. Qd2 Qe5 29. Bd3 g5 30. Ne1 f3 31. Nc2 Bc5 32. Ne3 Ne2 33. Nf5 Bxf5 34. Rb7+ Kg8 35. Bc4+ Be6 36. Rxh6 Qa1+ 37. Qe1 Ng3# 0-1

[Event "Nancy-B"]
[Site "Nancy"]
[Date "2009.02.16"]
[Round "1"]
[White "Wiley, Tom E"]
[Black "Pucher, Olivier"]
[Result "1/2-1/2"]
[WhiteElo "2293"]
[BlackElo "2338"]
[PlyCount "89"]
[EventDate "2009.02.16"]
[EventType "tourn"]
[EventRounds "9"]
[EventCountry "FRA"]
[EventCategory "4"]
[SourceTitle "CBM 128 Extra"]
[Source "ChessBase"]
[SourceDate "2009.03.05"]
[SourceVersion "2"]
[SourceVersionDate "2009.03.25"]
[SourceQuality "1"]

1. d4 Nf6 2. c4 e6 3. Nc3 Bb4 4. Qc2 c5 5. dxc5 Na6 6. a3 Bxc3+ 7. Qxc3 Nxc5 8. f3 d5 9. cxd5 b6 10. b4 Na4 11. Qb3 b5 12. e3 a6 13. Bd3 Nxd5 14. Ne2 e5 15. Bc2 Ndc3 16. Nxc3 Be6 17. Nd5 Bxd5 18. Qd3 Qh4+ 19. g3 Qc4 20. Qxc4 Bxc4 21. Bxa4 bxa4 22. Bb2 f6 23. Rc1 Rc8 24. f4 exf4 25. gxf4 Kf7 26. Kd2 Ke6 27. Bd4 Bd5 28. Rhg1 g6 29. h4 Be4 30. Rxc8 Rxc8 31. Rc1 Rxc1 32. Kxc1 h5 33. Kd2 g5 34. fxg5 fxg5 35. Ke2 g4 36. Kf2 Kd5 37. b5 axb5 38. Bc3 Kc4 39. Bb4 Kd3 40. Kg1 Kxe3 41. Kh2 Bf5 42. Bc5+ Kd3 43. Bb4 Ke3 44. Bc5+ Kd3 45. Bb4 1/2-1/2

[Event "FRA-chT Top 16 GpB"]
[Site "France"]
[Date "2008.04.13"]
[Round "7"]
[White "Pucher, Olivier"]
[Black "Roos, Jean Luc"]
[Result "1/2-1/2"]
[WhiteElo "2329"]
[BlackElo "2330"]
[PlyCount "52"]
[EventDate "2008.03.22"]
[EventType "team"]
[EventRounds "7"]
[EventCountry "FRA"]
[SourceTitle "CBM 123 Extra"]
[Source "ChessBase"]
[SourceDate "2008.05.06"]
[SourceVersion "1"]
[SourceVersionDate "2008.05.06"]
[SourceQuality "1"]

1. c4 e5 2. Nc3 Nf6 3. g3 d5 4. cxd5 Nxd5 5. Bg2 Nb6 6. Nf3 Nc6 7. Rb1 Bd6 8. b4 Bf5 9. b5 Bxb1 10. bxc6 Bg6 11. cxb7 Rb8 12. Qb3 0-0 13. d4 e4 14. Nh4 Rxb7 15. Nxg6 hxg6 16. Nxe4 Rb8 17. h4 Nd7 18. Qd3 Bb4+ 19. Kf1 Be7 20. f4 Nf6 21. Ng5 Rb4 22. d5 Bc5 23. e4 Qb8 24. Bf3 Re8 25. e5 Nd7 26. e6 fxe6 1/2-1/2

[Event "FRA-chT Top 16 GpB"]
[Site "France"]
[Date "2008.04.10"]
[Round "4"]
[White "Nguyen, Chi Minh"]
[Black "Pucher, Olivier"]
[Result "0-1"]
[WhiteElo "2411"]
[BlackElo "2329"]
[PlyCount "38"]
[EventDate "2008.03.22"]
[EventType "team"]
[EventRounds "7"]
[EventCountry "FRA"]
[SourceTitle "CBM 123 Extra"]
[Source "ChessBase"]
[SourceDate "2008.05.06"]
[SourceVersion "1"]
[SourceVersionDate "2008.05.06"]
[SourceQuality "1"]

1. d4 Nf6 2. c4 e6 3. Nc3 Bb4 4. e3 b6 5. f3 0-0 6. e4 d5 7. e5 Nfd7 8. cxd5 exd5 9. f4 c5 10. Nf3 cxd4 11. a3 Bxc3+ 12. bxc3 dxc3 13. Bd3 Nc5 14. Bc2 Ba6 15. Be3 Nc6 16. Ng5 h6 17. Qh5 d4 18. 0-0-0 Qd5 19. Nh7 Qa2 0-1

[Event "FRA-chT Top 16 GpB"]
[Site "France"]
[Date "2008.03.22"]
[Round "1"]
[White "Pucher, Olivier"]
[Black "Netzer, Jean"]
[Result "1-0"]
[WhiteElo "2329"]
[BlackElo "2387"]
[PlyCount "79"]
[EventDate "2008.03.22"]
[EventType "team"]
[EventRounds "7"]
[EventCountry "FRA"]
[SourceTitle "CBM 123 Extra"]
[Source "ChessBase"]
[SourceDate "2008.05.06"]
[SourceVersion "1"]
[SourceVersionDate "2008.05.06"]
[SourceQuality "1"]

1. d4 Nf6 2. c4 g6 3. Nc3 Bg7 4. e4 d6 5. Be2 0-0 6. Nf3 e5 7. 0-0 Nc6 8. d5 Ne7 9. Ne1 Nd7 10. Be3 f5 11. f3 f4 12. Bf2 g5 13. a4 a5 14. Nb5 b6 15. Nd3 Nf6 16. b4 axb4 17. a5 bxa5 18. c5 Ra6 19. Na7 Rxa7 20. cxd6 cxd6 21. Bxa7 g4 22. Qa4 g3 23. Qxa5 Qe8 24. Qxb4 Qh5 25. Rfc1 Qxh2+ 26. Kf1 Ng4 27. fxg4 f3 28. Bxf3 Bxg4 29. Ne1 Bxf3 30. Nxf3 Ng6 31. Bg1 Qh1 32. Rc3 Nf4 33. Qb2 h5 34. Raa3 h4 35. Qc2 h3 36. gxh3 Qxh3+ 37. Ke1 Bh6 38. Kd1 Qf1+ 39. Ne1 Qxg1 40. Rxg3+ 1-0

[Event "Agneaux St Lo IM"]
[Site "Agneaux"]
[Date "2007.07.08"]
[Round "2"]
[White "Le Goff, Damien"]
[Black "Pucher, Olivier"]
[Result "1-0"]
[WhiteElo "2281"]
[BlackElo "2294"]
[PlyCount "79"]
[EventDate "2007.07.07"]
[EventType "tourn"]
[EventRounds "9"]
[EventCountry "FRA"]
[EventCategory "3"]
[SourceTitle "EXT 2008"]
[Source "ChessBase"]
[SourceDate "2007.11.25"]
[SourceVersion "1"]
[SourceVersionDate "2007.11.25"]
[SourceQuality "1"]

1. e4 c5 2. Nc3 Nc6 3. Bb5 Nd4 4. Bc4 e6 5. Nge2 Nf6 6. 0-0 a6 7. d3 b5 8. Bb3 Nxb3 9. axb3 Bb7 10. Ng3 d5 11. e5 Nd7 12. f4 Be7 13. Kh1 0-0 14. Qg4 f5 15. exf6 Rxf6 16. Nce2 Qc7 17. d4 Raf8 18. Be3 Kh8 19. Nh5 Rg6 20. Qh3 Nf6 21. c3 Rh6 22. g4 Nxh5 23. gxh5 Rhf6 24. Rg1 Bd6 25. Rg3 cxd4 26. cxd4 Qc2 27. Qg2 R8f7 28. Rg1 Qe4 29. Rf3 b4 30. Ng3 Qd3 31. h6 Qg6 32. hxg7+ Rxg7 33. Qh3 e5 34. Nh5 exf4 35. Rxg6 Rfxg6 36. Nxg7 fxe3 37. Rxe3 Rxg7 38. Re8+ Rg8 39. Rxg8+ Kxg8 40. Qe6+ 1-0

[Event "Agneaux St Lo IM"]
[Site "Agneaux"]
[Date "2007.07.07"]
[Round "1"]
[White "Pucher, Olivier"]
[Black "Coursaget, Nicolas"]
[Result "1-0"]
[WhiteElo "2294"]
[BlackElo "2333"]
[PlyCount "86"]
[EventDate "2007.07.07"]
[EventType "tourn"]
[EventRounds "9"]
[EventCountry "FRA"]
[EventCategory "3"]
[SourceTitle "EXT 2008"]
[Source "ChessBase"]
[SourceDate "2007.11.25"]
[SourceVersion "1"]
[SourceVersionDate "2007.11.25"]
[SourceQuality "1"]

1. d4 d5 2. c4 c6 3. Nf3 Nf6 4. Nc3 e6 5. Bg5 h6 6. Bh4 Nbd7 7. cxd5 exd5 8. e3 Qa5 9. Bd3 Bd6 10. 0-0 0-0 11. Qc2 b5 12. e4 dxe4 13. Nxe4 Nxe4 14. Qxc6 Qb6 15. Qxe4 g6 16. Rfd1 Bb7 17. Qg4 Bc8 18. Bf5 Kh7 19. Bxd7 f5 20. Qh3 Bxd7 21. Bg5 h5 22. Ne5 Be6 23. Qh4 Qb7 24. Bf4 Be7 25. Qg3 Rg8 26. Bg5 Bd6 27. Rac1 Bd5 28. Bf4 Qg7 29. Nxg6 Qf6 30. Bxd6 Rxg6 31. Be5 Rxg3 32. Bxf6 Rxg2+ 33. Kf1 Rxh2 34. Ke2 Bc4+ 35. Kf3 Kg6 36. Kg3 Rxf2 37. Kxf2 Kxf6 38. d5 Bxa2 39. Rc6+ Ke7 40. d6+ Kd8 41. d7 Bf7 42. Rf6 Ke7 43. Rxf7+ Kxf7 1-0

[Event "FRA-chT2 East 0607"]
[Site "France"]
[Date "2007.01.21"]
[Round "6.2"]
[White "Vajda, Levente"]
[Black "Pucher, Olivier"]
[Result "1-0"]
[WhiteElo "2545"]
[BlackElo "2303"]
[PlyCount "47"]
[EventDate "2006.10.15"]
[EventType "team"]
[EventRounds "11"]
[EventCountry "FRA"]
[SourceTitle "EXT 2008"]
[Source "ChessBase"]
[SourceDate "2007.11.25"]
[SourceVersion "1"]
[SourceVersionDate "2007.11.25"]
[SourceQuality "1"]
[WhiteTeam "Belfort"]
[BlackTeam "Metz Fischer II"]
[WhiteTeamCountry "FRA"]
[BlackTeamCountry "FRA"]

1. e4 c5 2. c3 Nf6 3. e5 Nd5 4. d4 cxd4 5. Nf3 e6 6. cxd4 d6 7. Bc4 Nc6 8. 0-0 Be7 9. Qe2 0-0 10. Nc3 dxe5 11. dxe5 Nxc3 12. bxc3 Qa5 13. Bd2 Bd7 14. Rfe1 Rfd8 15. Bb3 Qa3 16. Qe4 Na5 17. Ng5 g6 18. Qf3 Be8 19. Qh3 h5 20. Bc1 Qxc1 21. Raxc1 Bxg5 22. Rcd1 Bb5 23. Qg3 Bd2 24. Bxe6 1-0

[Event "FRA-chT2 East 0607"]
[Site "France"]
[Date "2007.01.20"]
[Round "5.2"]
[White "Pucher, Olivier"]
[Black "Dittmar, Peter"]
[Result "1-0"]
[WhiteElo "2303"]
[BlackElo "2351"]
[PlyCount "83"]
[EventDate "2006.10.15"]
[EventType "team"]
[EventRounds "11"]
[EventCountry "FRA"]
[SourceTitle "EXT 2008"]
[Source "ChessBase"]
[SourceDate "2007.11.25"]
[SourceVersion "1"]
[SourceVersionDate "2007.11.25"]
[SourceQuality "1"]
[WhiteTeam "Metz Fischer II"]
[BlackTeam "Selestat"]
[WhiteTeamCountry "FRA"]
[BlackTeamCountry "FRA"]

1. c4 e6 2. g3 d5 3. Bg2 dxc4 4. Qa4+ Nd7 5. Qxc4 a6 6. Qc2 Ngf6 7. Nf3 c5 8. 0-0 Rb8 9. d4 Nd5 10. Rd1 Nb4 11. Qd2 cxd4 12. Nxd4 Bc5 13. a3 Nd5 14. b4 Bb6 15. Bxd5 exd5 16. Qe3+ Kf8 17. Nc3 Nf6 18. Qd3 h6 19. Bf4 Ra8 20. Rac1 Qd7 21. Nf3 Ng4 22. Nxd5 Bxf2+ 23. Kg2 Ba7 24. Nc7 Qxd3 25. Rxd3 Nf2 26. Re3 g5 27. Bd6+ Kg7 28. Kxf2 Bxe3+ 29. Kxe3 Ra7 30. Bc5 b6 31. Bxb6 Rb7 32. Bd4+ f6 33. Rc6 Rf8 34. Bxf6+ Kh7 35. Be5 a5 36. b5 Bd7 37. Rc5 Rf7 38. a4 g4 39. Nd4 Re7 40. Ke4 Be8 41. Nf5 Bg6 42. Nd5 1-0

[Event "BEL-chT 0607"]
[Site "Belgium"]
[Date "2006.11.05"]
[Round "3"]
[White "Viaene, Arvid"]
[Black "Pucher, Olivier"]
[Result "1-0"]
[WhiteElo "2031"]
[BlackElo "2306"]
[PlyCount "111"]
[EventDate "2006.10.01"]
[EventType "team-tourn"]
[EventRounds "11"]
[EventCountry "BEL"]
[SourceTitle "EXT 2007"]
[Source "ChessBase"]
[SourceDate "2006.11.23"]
[SourceVersion "1"]
[SourceVersionDate "2006.11.23"]
[SourceQuality "1"]
[WhiteTeam "KBSK Brugge II"]
[BlackTeam "Liege Crelel"]
[WhiteTeamCountry "BEL"]
[BlackTeamCountry "BEL"]

1. e4 c5 2. Nf3 e6 3. Nc3 Nc6 4. Bb5 Nd4 5. 0-0 a6 6. Bd3 Nc6 7. Re1 g5 8. h3 h5 9. Bf1 g4 10. Nh2 Bd6 11. e5 Bxe5 12. Rxe5 Nxe5 13. d4 cxd4 14. Qxd4 f6 15. Bf4 Nh6 16. Bxe5 fxe5 17. Qxe5 Nf7 18. Qd4 Qa5 19. Re1 Kf8 20. b4 Qg5 21. Ne4 Qe5 22. Qd2 d6 23. f4 Qd5 24. Qc3 Bd7 25. Bc4 Qc6 26. Ng5 Rh6 27. Qd3 d5 28. Bb3 Rc8 29. Nxf7 Kxf7 30. hxg4 Qc3 31. Qxc3 Rxc3 32. g5 Rh8 33. Nf3 Rhc8 34. Ne5+ Ke7 35. a4 Kd6 36. Nf7+ Ke7 37. Ne5 Kd6 38. Nf7+ Ke7 39. Ne5 Kd6 40. Nf7+ Ke7 41. Ne5 R8c7 42. Re2 Be8 43. Nf3 Kd6 44. f5 Re7 45. f6 Rh7 46. Kh2 h4 47. Ne5 Rg3 48. Nf3 Bg6 49. c4 Be4 50. c5+ Kd7 51. Bc2 Bxc2 52. Rxc2 Ke8 53. Rf2 Kf8 54. b5 Rg4 55. bxa6 bxa6 56. Rb2 1-0

[Event "Le Touquet op"]
[Site "Le Touquet"]
[Date "2006.10.30"]
[Round "3"]
[White "Petrov, Marian"]
[Black "Pucher, Olivier"]
[Result "1-0"]
[WhiteElo "2457"]
[BlackElo "2306"]
[PlyCount "81"]
[EventDate "2006.10.28"]
[EventType "swiss"]
[EventRounds "9"]
[EventCountry "FRA"]
[SourceTitle "EXT 2007"]
[Source "ChessBase"]
[SourceDate "2006.11.23"]
[SourceVersion "1"]
[SourceVersionDate "2006.11.23"]
[SourceQuality "1"]

1. e4 c5 2. Nc3 Nc6 3. Bb5 Nd4 4. Bc4 e6 5. Nf3 a6 6. Nxd4 cxd4 7. Ne2 Nf6 8. Nxd4 Nxe4 9. 0-0 d5 10. Be2 Bd6 11. d3 Nc5 12. f4 0-0 13. Be3 Qe7 14. Qd2 Bd7 15. Rae1 f6 16. Bf3 Qf7 17. c4 Rad8 18. b4 Na4 19. f5 dxc4 20. dxc4 Kh8 21. fxe6 Bxe6 22. Nxe6 Qxe6 23. Qc2 b5 24. c5 Be5 25. Bf4 Rd4 26. Bxe5 fxe5 27. Bd5 Rxf1+ 28. Rxf1 Qc8 29. Be6 Qe8 30. c6 h6 31. c7 Nb6 32. c8R Nxc8 33. Qxc8 Qxc8 34. Bxc8 Rxb4 35. Bxa6 Ra4 36. Bxb5 Rxa2 37. Rf8+ Kh7 38. Bd3+ g6 39. Rf7+ Kg8 40. Bxg6 Ra6 41. Bd3 1-0

[Event "EU-Cup 22nd"]
[Site "Fuegen"]
[Date "2006.10.10"]
[Round "3.4"]
[White "Gunnarsson, Arnar"]
[Black "Pucher, Olivier"]
[Result "1/2-1/2"]
[WhiteElo "2430"]
[BlackElo "2306"]
[PlyCount "36"]
[EventDate "2006.10.08"]
[EventType "team-swiss"]
[EventRounds "7"]
[EventCountry "AUT"]
[SourceTitle "CBM 115"]
[Source "ChessBase"]
[SourceDate "2006.11.15"]
[SourceVersion "1"]
[SourceVersionDate "2006.11.15"]
[SourceQuality "1"]
[WhiteTeam "Reykjavik CC"]
[BlackTeam "Dudelange"]
[WhiteTeamCountry "ISL"]
[BlackTeamCountry "LUX"]

1. c4 c5 2. Nc3 g6 3. g3 Bg7 4. Bg2 Nc6 5. e3 e6 6. Nge2 Nge7 7. 0-0 0-0 8. d4 cxd4 9. Nxd4 Nxd4 10. exd4 d5 11. cxd5 Nxd5 12. Nxd5 exd5 13. Be3 Be6 14. Qb3 Qd7 15. Rfc1 Rfc8 16. Qa3 a6 17. b3 h5 18. h4 Rxc1+ 1/2-1/2

[Event "FRA-ch Accession"]
[Site "Besancon"]
[Date "2006.08.22"]
[Round "7"]
[White "Pucher, Olivier"]
[Black "Vitoux, Colomban"]
[Result "0-1"]
[WhiteElo "2257"]
[BlackElo "2300"]
[PlyCount "74"]
[EventDate "2006.08.15"]
[EventType "swiss"]
[EventRounds "10"]
[EventCountry "FRA"]
[SourceTitle "CBM 113 Extra"]
[Source "ChessBase"]
[SourceDate "2006.09.14"]
[SourceVersion "1"]
[SourceVersionDate "2006.09.14"]
[SourceQuality "1"]

1. d4 Nf6 2. c4 g6 3. Nc3 d5 4. Nf3 Bg7 5. cxd5 Nxd5 6. Bg5 0-0 7. Nxd5 Qxd5 8. Bxe7 Re8 9. Bb4 Nc6 10. Bc3 Bg4 11. Ne5 Nxe5 12. dxe5 Qc5 13. h3 Rad8 14. Qc1 Bd7 15. e3 Bxe5 16. Be2 Bc6 17. Rg1 Bb5 18. Bxe5 Qxe5 19. Bxb5 Qxb5 20. a4 Qa5+ 21. Qc3 Qxc3+ 22. bxc3 Rd3 23. Ra3 Red8 24. Ke2 Rd2+ 25. Kf3 Rc2 26. Rb1 b6 27. a5 Rdd2 28. axb6 Rxf2+ 29. Ke4 axb6 30. g4 Rf6 31. Rd1 Re6+ 32. Kf4 Rf2+ 33. Kg3 Re2 34. Rd8+ Kg7 35. Raa8 g5 36. Rg8+ Kf6 37. Ra1 R6xe3# 0-1